<?xml version="1.0" encoding="UTF-8"?>
<record
    xmlns:xsi="http://www.w3.org/2001/XMLSchema-instance"
    xsi:schemaLocation="http://www.loc.gov/MARC21/slim http://www.loc.gov/standards/marcxml/schema/MARC21slim.xsd"
    xmlns="http://www.loc.gov/MARC21/slim">

  <leader>00334    a2200109   4500</leader>
  <controlfield tag="001">ART_31283</controlfield>
  <controlfield tag="005">20260410161840.0</controlfield>
  <controlfield tag="008">260409a                                 </controlfield>
  <datafield tag="245" ind1="1" ind2="0">
    <subfield code="a">El estado actual de la implementaci&#xF3;n de los seguros ambientales</subfield>
  </datafield>
  <datafield tag="100" ind1="1" ind2=" ">
    <subfield code="a">Cumini, Cecilia</subfield>
  </datafield>
  <datafield tag="773" ind1="0" ind2=" ">
    <subfield code="t">RAP</subfield>
    <subfield code="g">- A&#xF1;o 36, N&#xBA; 423 (dic. 2013)</subfield>
    <subfield code="w">REV5941</subfield>
  </datafield>
  <datafield tag="999" ind1=" " ind2=" ">
    <subfield code="c">24020</subfield>
    <subfield code="d">24020</subfield>
  </datafield>
</record>
